Historia 3 : la nación argentina /

Guardado en:
Autor Principal: Miretzky, María L N De
Otros Autores: Mur, Elvira S. de, Ribas, Gabriel A., Royo, Susana N.
Formato: Libro
Publicado: Buenos Aires : Kapelusz, 1971
Materias:
Etiquetas: Agregar Etiqueta
Sin Etiquetas, Sea el primero en etiquetar este registro!
LEADER 01529nam a22002415a 4500
001 CEM.cems004436
005 20061108153855.0
008 130507s1971##################000#0#####d
003 CEMS
082 0 4 |a 982 
100 1 |a Miretzky, María L N De 
245 1 0 |a Historia 3 :  |b la nación argentina /  |c María L. N. de Miretzky ; elvira S. de Mur ; gabriel A. Ribas ; susana N. Royo 
260 |a Buenos Aires :  |b Kapelusz,  |c 1971 
300 |a 444 p. 
500 |a Texto y actividades de acuerdo con el programa correspondiente al tercer curso del ciclo básico y de las escuelas de comercio 
505 0 |a Conquista y colonización hispánica en el siglo XVI -- La época de los Habsburgos -- La etapa virreinal -- Las invasiones inglesas -- La revolución -- Problemas políticos y obra administrativa de la revolución -- La guerra por la independencia -- La evolución política hasta 1813 -- La independencia -- La unificación del poder -- La independencia -- La crisis de 1820 -- La reacción porteña -- El Congreso de 1824 y la guerra -- La época de Rosas -- La república liberal -- La política de Pavón -- La oligarquía positivista en el gobierno -- La etapa final de la organización nacional -- La etapa radical -- las últimas décadas 
653 |a Historia 
653 |a Historia argentina 
700 1 |a Mur, Elvira S. de 
700 1 |a Ribas, Gabriel A. 
700 1 |a Royo, Susana N. 
859 |a CEMS  |b BIB. CEMS - 11 de abril  |h 982  |i M676  |p 8124.80  |t Ej.1 
859 |a CEMS  |b BIB. CEMS - 11 de abril  |h 982  |i M676  |p 9426.81  |t Ej.2